| 000 | 00695nam a2200229 a 4500 | ||
|---|---|---|---|
| 001 | 000023007 | ||
| 005 | 20200930021928.0 | ||
| 008 | 101124s1990 sp r 000 0 spa d | ||
| 020 | _a8486459303 | ||
| 040 |
_aDO-SdBNP _bspa _cBNPHU |
||
| 082 |
_a808.027 _bP149, 1994 |
||
| 245 | 0 | 1 |
_aEl país : _blibro de estilo / _cprólogo ; Joaquín Estefanía. |
| 250 | _a10a ed. | ||
| 260 |
_aMadrid, (España) : _bEdiciones El País, _c1990. |
||
| 300 |
_a528 p. : _a23 cm. |
||
| 650 | 4 |
_aArte de escribir _xManuales _919637 |
|
| 650 | 4 |
_aEspañol técnico _947330 |
|
| 650 | 4 |
_aPeriodismo _929 |
|
| 650 | 4 |
_aGramática española _947331 |
|
| 700 | 1 |
_aEstefanía, Joaquín _etr. _947332 |
|
| 049 | _aBNGR | ||
| 999 |
_c22504 _d22504 |
||